00521 2200205 4500001002100000005001500021035002000036007000300056008004100059020001800100082001000118084001700128100001700145245004400162260003600206300002800242650001900270504001600289990001000305INLIS00000000000231120250315093359 a0010-0325000344ta250315 g 1 ind  a979-407-356-3 aF/813 aF/813 DJU s0 aDjumri Obeng1 aSuku Dayak'''' :bFiksi /cDjumri Obeng aJakarta :bBalai Pustaka,c1995 a38 hlm :bllus ;c21 Cm 4aSuku Dayak'''' aBibliografi a04064